000 00826nam a22002657a 4500
003 BD-DhJNU
005 20250514072520.0
008 250514b |||||||| |||| 00| 0 eng d
020 _a0805847979
020 _a0805847987
040 _aBD-DhJNU
_bENG
_cBD-DhJNU
_dBD-DhJNU
082 _223
_a306.85 SEF
100 _aSegrin, Chris
245 _a Family communication /
_cChris Segrin and Jeanne Flora
260 _aLondon :
_bLawrence Erlbaum Associates,
_c2005.
300 _aviii, 496p. :
_bill. ;
_c25 cm.
490 _aLEA's communication series
504 _aIncludes bibliographical references and index
650 _aFamilies Recherche
650 _aInterpersonal relations
650 _aCommunication dams la families
650 _aDysfunctional families
700 _aFlora, Jeanne
942 _2ddc
_cBK
_n0
999 _c1702
_d1702